| 000 | 00530nam a2200205 a 4500 | ||
|---|---|---|---|
| 001 | BRCA_6420 | ||
| 005 | 20190320205439.0 | ||
| 008 | 210911s1961----nyu#######---#000-0#eng-# | ||
| 041 | _aeng | ||
| 044 | _anyu | ||
| 050 | 4 |
_aPZ3 _b.S76 1961 |
|
| 100 | 1 |
_aStout, Rex _910486 |
|
| 245 | 1 | 0 |
_aThe Second Confession _ba Nero Wolfe Novel by Rex Stout _cRex Stout. |
| 260 |
_aNueva York _bBantam Books _c1961 |
||
| 300 |
_a154 p. _c18 cm. |
||
| 500 | _aCEF132 | ||
| 650 | 1 | 4 |
_aNovelas policĂacas _9877 |
| 902 | _aGFM | ||
| 942 |
_2lcc _cB |
||
| 999 |
_c6105 _d6105 |
||